Cultural policy (Record no. 12851)

MARC details
000 -LEADER
fixed length control field 01532nam a2200313Ia 4500
001 - CONTROL NUMBER
control field 9780203583951
003 - CONTROL NUMBER IDENTIFIER
control field BD-DhSAU
005 - DATE AND TIME OF LATEST TRANSACTION
control field 20151012151721.0
006 - FIXED-LENGTH DATA ELEMENTS--ADDITIONAL MATERIAL CHARACTERISTICS
fixed length control field m|||||o||d||||||||
007 - PHYSICAL DESCRIPTION FIXED FIELD--GENERAL INFORMATION
fixed length control field cr||||
008 - FIXED-LENGTH DATA ELEMENTS--GENERAL INFORMATION
fixed length control field 131007s2014 enk ob 001 0 eng d
020 ## - INTERNATIONAL STANDARD BOOK NUMBER
International Standard Book Number 9780203583951 (e-book : PDF)
040 ## - CATALOGING SOURCE
Original cataloging agency BD-DhSAU
Transcribing agency BD-DhSAU
090 ## - LOCALLY ASSIGNED LC-TYPE CALL NUMBER (OCLC); LOCAL CALL NUMBER (OCLC)
Classification number (OCLC) (R) ; Classification number, CALL (RLIN) (NR) HD9999.C9472
Local cutter number (OCLC) ; Book number/undivided call number, CALL (RLIN) O37 2014
092 ## - LOCALLY ASSIGNED DEWEY CALL NUMBER (OCLC)
Classification number 338.470705
Item number O133
100 1# - MAIN ENTRY--PERSONAL NAME
Personal name O'Brien, Dave.
245 10 - TITLE STATEMENT
Title Cultural policy
Medium [electronic resource] :
Remainder of title management, value and modernity in the creative industries /
Statement of responsibility, etc. Dave O'Brien.
260 ## - PUBLICATION, DISTRIBUTION, ETC. (IMPRINT)
Place of publication, distribution, etc. London ;
-- New York :
Name of publisher, distributor, etc. Routledge,
Date of publication, distribution, etc. 2014.
300 ## - PHYSICAL DESCRIPTION
Extent 166 p.
504 ## - BIBLIOGRAPHY, ETC. NOTE
Bibliography, etc Includes bibliographical references (p. [141]-158) and index.
505 0# - FORMATTED CONTENTS NOTE
Formatted contents note 1. Introduction -- 2. Modernity, government and the social life of methods : defining the context for cultural policy -- 3. Whose culture? : participation and consumption in contemporary life -- 4. 'Beats working for a living' : life in the creative economy -- 5. Changing places : the end of the golden age of culture-led regeneration -- 6. The value of culture : theories of "public value" and cultural organizations -- 7. Conclusion.
530 ## - ADDITIONAL PHYSICAL FORM AVAILABLE NOTE
Additional physical form available note Also available in print edition.
538 ## - SYSTEM DETAILS NOTE
System details note Mode of access: World Wide Web.
650 #0 - SUBJECT ADDED ENTRY--TOPICAL TERM
Topical term or geographic name as entry element Cultural industries
General subdivision Government policy.
650 #0 - SUBJECT ADDED ENTRY--TOPICAL TERM
Topical term or geographic name as entry element Cultural policy.
655 #7 - INDEX TERM--GENRE/FORM
Genre/form data or focus term Electronic books.
Source of term lcsh
776 1# - ADDITIONAL PHYSICAL FORM ENTRY
International Standard Book Number 9780415817592 (hardback)
-- 9780415817608 (pbk.)
856 40 - ELECTRONIC LOCATION AND ACCESS
Uniform Resource Identifier <a href="http://www.tandfebooks.com/isbn/9780203583951">http://www.tandfebooks.com/isbn/9780203583951</a>

No items available.